[Event "VII. Berecz memorial A 2019"]
[Site "?"]
[Date "2020.01.02"]
[Round "2.1"]
[White "Tatar Kis, Szabolcs"]
[Black "Koszta, Benedek"]
[Result "1/2-1/2"]
[WhiteElo "2372"]
[BlackElo "2096"]
[PlyCount "50"]
[EventDate "2020.01.02"]

1. e4 e6 2. d4 d5 3. Bd3 dxe4 4. Bxe4 Nf6 5. Bf3 Nbd7 6. Nc3 Bd6 7. Bg5 O-O 8.
Nge2 h6 9. Be3 e5 10. d5 Nb6 11. Qd3 Ng4 12. Bxg4 Bxg4 13. Ng3 f5 14. Bxb6 axb6
15. h3 e4 16. Qc4 e3 17. hxg4 exf2+ 18. Kxf2 fxg4+ 19. Ke2 Bxg3 20. Qxg4 Qe7+
21. Kd3 Qd6 22. Raf1 Rxf1 23. Rxf1 Be5 24. Qe4 Rd8 25. Rf5 Bf6 1/2-1/2

[Event "VII. Berecz memorial A 2019"]
[Site "?"]
[Date "2020.01.02"]
[Round "2.2"]
[White "Balint, Richard"]
[Black "Csizmadia, Laszlo"]
[Result "1-0"]
[WhiteElo "2041"]
[BlackElo "2346"]
[PlyCount "93"]
[EventDate "2020.01.02"]

1. f4 d5 2. Nf3 Nf6 3. e3 g6 4. d4 Bg7 5. Bd3 c5 6. c3 b6 7. O-O O-O 8. Nbd2
Ba6 9. Qe2 Qc8 10. Ne5 Ne4 11. Nxe4 dxe4 12. Bxa6 Qxa6 13. Qc2 Qb7 14. a4 e6
15. Bd2 Rc8 16. b3 Na6 17. Qd1 f5 18. Nc4 Rd8 19. Qe2 Nc7 20. Rfd1 Nd5 21. Be1
Bf6 22. Kh1 Rac8 23. Rac1 Rc7 24. Na3 Qc8 25. Nb5 Rcd7 26. c4 Nxf4 27. exf4
cxd4 28. Bf2 a6 29. Na3 Qc7 30. g3 e3 31. Bg1 d3 32. Qg2 e2 33. Rd2 Bb2 34.
Rxb2 d2 35. Rxd2 Rxd2 36. Re1 R8d3 37. Rxe2 Rxe2 38. Qxe2 Qc6+ 39. Qg2 Qxg2+
40. Kxg2 Rxb3 41. Nb5 axb5 42. axb5 Rb4 43. Bxb6 Rxc4 44. Bf2 Kf7 45. b6 Rb4
46. Kf3 Ke7 47. Bc5+ 1-0

[Event "VII. Berecz memorial A 2019"]
[Site "?"]
[Date "2020.01.02"]
[Round "2.3"]
[White "Tapodi, Norman Lajos"]
[Black "Samu, Gabor Jr."]
[Result "1/2-1/2"]
[WhiteElo "2033"]
[BlackElo "2311"]
[PlyCount "81"]
[EventDate "2020.01.02"]

1. d4 d5 2. c4 c6 3. Nf3 Nf6 4. e3 Bf5 5. Nc3 e6 6. Bd3 Bxd3 7. Qxd3 Bb4 8. O-O
O-O 9. Bd2 Bxc3 10. Bxc3 Ne4 11. Bb4 Re8 12. Nd2 Nxd2 13. Bxd2 Nd7 14. Bc3 Qg5
15. Rae1 Qg6 16. Qxg6 hxg6 17. c5 e5 18. b4 exd4 19. exd4 Nf8 20. f3 Ne6 21. g3
g5 22. Kf2 g6 23. Rh1 Kg7 24. h4 gxh4 25. Rxh4 Rh8 26. Reh1 Rxh4 27. Rxh4 Rh8
28. Rxh8 Kxh8 29. a4 a6 30. Bd2 Kh7 31. Be3 f5 32. Kg2 Kg7 33. Kh3 Kf6 34. g4
f4 35. Bf2 Ke7 36. Kh4 Kf6 37. Kh3 g5 38. Kg2 Ke7 39. Kf1 Kd7 40. Ke2 Kc7 41.
a5 1/2-1/2

[Event "VII. Berecz memorial A 2019"]
[Site "?"]
[Date "2020.01.02"]
[Round "2.4"]
[White "Szajbely, Zsigmond"]
[Black "Bilku, Andras"]
[Result "1-0"]
[WhiteElo "2287"]
[BlackElo "1998"]
[PlyCount "77"]
[EventDate "2020.01.02"]

1. e4 c6 2. c4 d5 3. exd5 cxd5 4. cxd5 Nf6 5. Bb5+ Nbd7 6. Nc3 g6 7. Nf3 Bg7 8.
d6 e6 9. d4 O-O 10. O-O Nb6 11. Bf4 a6 12. Bd3 Bd7 13. h3 Bc6 14. Ne5 Nfd5 15.
Bh2 Rc8 16. Qd2 Qh4 17. Nxd5 Nxd5 18. Nf3 Qh5 19. Qe2 Nb4 20. Rfd1 Bxf3 21.
Qxf3 Qxf3 22. gxf3 Rfd8 23. Be4 Rd7 24. a3 Nd5 25. Bxd5 exd5 26. Rac1 Rc4 27.
b3 Rc6 28. Rxc6 bxc6 29. Rc1 Bxd4 30. Rxc6 Kf8 31. Rxa6 Ra7 32. Rxa7 Bxa7 33.
b4 Ke8 34. a4 Kd7 35. a5 Bb8 36. b5 Bxd6 37. Bxd6 Kxd6 38. a6 Kc7 39. f4 1-0

[Event "VII. Berecz memorial A 2019"]
[Site "?"]
[Date "2020.01.02"]
[Round "2.5"]
[White "Helenyi, Zoltan"]
[Black "Ress, Tamas"]
[Result "1-0"]
[WhiteElo "1991"]
[BlackElo "2242"]
[PlyCount "78"]
[EventDate "2020.01.02"]

1. c4 f5 2. Nc3 Nf6 3. g3 g6 4. Bg2 Bg7 5. Nf3 O-O 6. O-O d6 7. d4 Nc6 8. Re1
e5 9. dxe5 dxe5 10. Qxd8 Rxd8 11. Bg5 e4 12. Nd2 h6 13. Bxf6 Bxf6 14. Nb3 Be6
15. Nc5 Bxc4 16. Nxb7 Rdb8 17. Nc5 Rxb2 18. N5a4 Rc2 19. Rac1 Rxc1 20. Rxc1 Rd8
21. Nxe4 fxe4 22. Rxc4 Rd1+ 23. Bf1 Nd4 24. Kg2 e3 25. Nc3 Rc1 26. Rxc7 Ne6 27.
Rc6 Kf7 28. Ra6 Bxc3 29. Rxa7+ Kf6 30. fxe3 Ng5 31. Ra4 Ke5 32. Rf4 Ne4 33. Kh3
g5 34. Rf8 g4+ 35. Kh4 Nf6 36. Bg2 Bd2 37. h3 Rg1 38. Bc6 Be1 39. hxg4 Rxg3 1-0

[Event "VII. Berecz memorial A 2019"]
[Site "?"]
[Date "2020.01.02"]
[Round "2.6"]
[White "Matyassy, Lazar"]
[Black "Udvardi, Zalan"]
[Result "1/2-1/2"]
[WhiteElo "1822"]
[BlackElo "2210"]
[PlyCount "73"]
[EventDate "2020.01.02"]

1. e4 c5 2. Nf3 Nc6 3. d4 cxd4 4. Nxd4 Nf6 5. Nc3 e5 6. Ndb5 d6 7. Bg5 a6 8.
Na3 b5 9. Nd5 Be7 10. Bxf6 Bxf6 11. c3 Bg5 12. Nc2 Rb8 13. Nce3 Bxe3 14. Nxe3
Ne7 15. Bd3 Be6 16. Bc2 O-O 17. O-O a5 18. Bb3 Qd7 19. Bd5 Kh8 20. Qd2 Nxd5 21.
Nxd5 Qb7 22. Rfd1 Rbd8 23. Qg5 f5 24. Qh4 Rd7 25. Rd2 Rdf7 26. Rad1 f4 27. f3
h6 28. Qf2 g5 29. Nb6 Bxa2 30. Rxd6 Qc7 31. Rxh6+ Kg7 32. Rdd6 Rd8 33. Rhg6+
Kh7 34. Rh6+ Kg8 35. Rhg6+ Kh7 36. Rh6+ Kg8 37. Rhg6+ 1/2-1/2

[Event "VII. Berecz memorial A 2019"]
[Site "?"]
[Date "2020.01.02"]
[Round "2.7"]
[White "Dobai, Szabolcs"]
[Black "Bacsi, Kristof"]
[Result "1-0"]
[WhiteElo "2185"]
[BlackElo "1777"]
[PlyCount "89"]
[EventDate "2020.01.02"]

1. Nf3 d5 2. c4 e6 3. g3 Nf6 4. b3 dxc4 5. bxc4 Be7 6. Bg2 O-O 7. O-O c5 8. Bb2
Bd7 9. Ne5 Bc6 10. Nxc6 Nxc6 11. Bxc6 bxc6 12. d3 h5 13. Nd2 h4 14. Kg2 Ng4 15.
Qa4 Rb8 16. Rab1 Qc7 17. Bc3 Bd6 18. Rxb8 Rxb8 19. Ne4 hxg3 20. hxg3 Be7 21.
Qd1 Nf6 22. Nd2 Bd6 23. Nb3 Be5 24. Bd2 Nd7 25. Rh1 g6 26. Qc1 Bf6 27. Be3 Bg7
28. Qa3 Qd6 29. Qxa7 Bd4 30. Bc1 Nb6 31. Qa5 Nd7 32. Qd2 Bg7 33. Qc2 Ra8 34.
Bd2 Qe5 35. Bf4 Qb2 36. Qxb2 Bxb2 37. Bd6 Rxa2 38. Nxc5 Ba3 39. Nxd7 Bxd6 40.
Nf6+ Kf8 41. Kf3 Rc2 42. Rb1 Be7 43. Nd7+ Ke8 44. Ne5 c5 45. Rb8+ 1-0

[Event "VII. Berecz memorial A 2019"]
[Site "?"]
[Date "2020.01.02"]
[Round "2.8"]
[White "Toth, Sandor Sr."]
[Black "Miszler, Levente"]
[Result "0-1"]
[WhiteElo "1745"]
[BlackElo "2180"]
[PlyCount "46"]
[EventDate "2020.01.02"]

1. d4 Nf6 2. c4 g6 3. Nc3 Bg7 4. e4 d6 5. h3 O-O 6. Nf3 Nbd7 7. Be2 e5 8. d5
Nc5 9. Qc2 a5 10. O-O Ne8 11. Be3 f5 12. Bxc5 dxc5 13. exf5 gxf5 14. Rad1 Nd6
15. Rfe1 e4 16. Nd2 Qh4 17. Bf1 Rf6 18. f3 Rg6 19. Kh2 Bd4 20. Ne2 Bf2 21. Qc1
e3 22. Nb3 f4 23. Nxc5 Rxg2+ 0-1

[Event "VII. Berecz memorial A 2019"]
[Site "?"]
[Date "2020.01.02"]
[Round "2.9"]
[White "Torok, Csaba"]
[Black "Papp Z., Csaba"]
[Result "0-1"]
[WhiteElo "1719"]
[BlackElo "2151"]
[PlyCount "74"]
[EventDate "2020.01.02"]

1. e4 e5 2. Nf3 Nc6 3. Bc4 Bc5 4. c3 Qe7 5. Bb3 Nf6 6. d3 d6 7. Nbd2 h6 8. Nc4
Bd7 9. Ne3 O-O-O 10. Bc2 Rdg8 11. b4 Bb6 12. a4 a5 13. b5 Nb8 14. Ba3 Bc5 15.
Bxc5 dxc5 16. Nc4 b6 17. Ncxe5 g5 18. Nxd7 Nbxd7 19. Qe2 h5 20. Nd2 g4 21. Nc4
h4 22. O-O-O Kb8 23. Kb2 Rd8 24. Rhe1 Ne5 25. Nxe5 Qxe5 26. g3 Rh6 27. f4 gxf3
28. Qxf3 hxg3 29. hxg3 Rg8 30. Qf4 Qxf4 31. gxf4 Rh2 32. Rg1 Rgh8 33. Rg7 Rf2
34. f5 Rhh2 35. Rc1 c6 36. Rxf7 Ng4 37. Kb1 Ne3 0-1

[Event "VII. Berecz memorial A 2019"]
[Site "?"]
[Date "2020.01.02"]
[Round "2.10"]
[White "Papp, Bence"]
[Black "Kardos, Levente"]
[Result "1-0"]
[WhiteElo "2140"]
[BlackElo "1699"]
[PlyCount "49"]
[EventDate "2020.01.02"]

1. e4 c5 2. Nf3 d6 3. Bb5+ Bd7 4. Bxd7+ Qxd7 5. c4 Nc6 6. d4 cxd4 7. Nxd4 Nf6
8. Nc3 e6 9. O-O Be7 10. f4 O-O 11. Be3 Rfd8 12. Qf3 Nxd4 13. Bxd4 Qc7 14. b3
e5 15. Be3 Qc6 16. Rae1 Rf8 17. f5 Rfc8 18. g4 Nd7 19. Nd5 Bf8 20. Rf2 b5 21.
f6 Nxf6 22. cxb5 Qxb5 23. Nxf6+ gxf6 24. Qxf6 Qd7 25. Rf5 1-0

[Event "VII. Berecz memorial A 2019"]
[Site "?"]
[Date "2020.01.02"]
[Round "2.11"]
[White "Lakatos, Alfred"]
[Black "Marta, Dominik"]
[Result "0-1"]
[WhiteElo "1573"]
[BlackElo "2114"]
[PlyCount "80"]
[EventDate "2020.01.02"]

1. d4 Nf6 2. c4 g6 3. Nc3 Bg7 4. e4 d6 5. f4 O-O 6. Be2 Nfd7 7. Nf3 c5 8. d5
Qa5 9. Bd2 e5 10. Nb5 Qb6 11. a4 a5 12. Bc3 Re8 13. fxe5 Nxe5 14. O-O Ng4 15.
Bxg7 Kxg7 16. Qd3 Nd7 17. Ng5 Nde5 18. Qc3 f6 19. h3 fxg5 20. hxg4 Bd7 21. Rf2
Bxb5 22. axb5 Qc7 23. Raf1 Rf8 24. b3 Rxf2 25. Rxf2 Rf8 26. Bf3 b6 27. Qd2 h6
28. Qb2 Kg8 29. Qe2 Qd7 30. g3 Rf7 31. Kg2 Nxf3 32. Rxf3 Qxg4 33. Qe3 Rxf3 34.
Qxf3 Qxf3+ 35. Kxf3 Kf7 36. e5 dxe5 37. Ke4 Kf6 38. d6 Ke6 39. d7 Kxd7 40. Kxe5
h5 0-1

[Event "VII. Berecz memorial A 2019"]
[Site "?"]
[Date "2020.01.02"]
[Round "2.12"]
[White "Kopasz, Robert"]
[Black "Hajdu, Istvan"]
[Result "1/2-1/2"]
[WhiteElo "2337"]
[BlackElo "1863"]
[PlyCount "38"]
[EventDate "2020.01.02"]

1. c4 e5 2. Nc3 Nc6 3. g3 g6 4. Bg2 Bg7 5. e3 Nge7 6. Nge2 O-O 7. d4 exd4 8.
exd4 Nf5 9. d5 Ne5 10. b3 d6 11. O-O Re8 12. a3 a5 13. Ra2 b6 14. Qc2 h5 15.
Ne4 Ba6 16. Bg5 f6 17. Bc1 a4 18. Nd2 Bh6 19. Nf4 Bxf4 1/2-1/2

[Event "VII. Berecz memorial A 2019"]
[Site "?"]
[Date "2020.01.02"]
[Round "2.13"]
[White "Tubak, Daniel"]
[Black "Markus, Molli Amina"]
[Result "1-0"]
[WhiteElo "2231"]
[BlackElo "1669"]
[PlyCount "79"]
[EventDate "2020.01.02"]

1. e4 c5 2. Nf3 Nc6 3. d4 cxd4 4. Nxd4 e6 5. Nc3 Qc7 6. Qd3 a6 7. Nxc6 bxc6 8.
Qg3 Qxg3 9. hxg3 d5 10. Bd3 Nf6 11. Bg5 Be7 12. Bxf6 Bxf6 13. O-O-O h6 14. Na4
Rb8 15. c3 O-O 16. Kc2 a5 17. Rhe1 Rd8 18. a3 Be7 19. c4 d4 20. c5 e5 21. Bc4
g5 22. f3 Kg7 23. g4 Rh8 24. Rh1 Kg6 25. Rb1 Ra8 26. Nb6 Rb8 27. b4 axb4 28.
axb4 Rd8 29. Kd3 Bd7 30. Ra1 Rb7 31. Ra6 Be8 32. Rha1 Kg7 33. Ra7 Rdb8 34. Rxb7
Rxb7 35. Ra8 Kf8 36. Bb3 Rc7 37. Ba4 f6 38. Bb3 Rb7 39. Be6 Rc7 40. Nd7+ 1-0

[Event "VII. Berecz memorial A 2019"]
[Site "?"]
[Date "2020.01.02"]
[Round "2.14"]
[White "Toth, Nikoletta"]
[Black "Szilassi, Abel"]
[Result "1-0"]
[WhiteElo "2003"]
[BlackElo "2021"]
[PlyCount "55"]
[EventDate "2020.01.02"]

1. d4 d5 2. Bf4 Nf6 3. e3 Bf5 4. c4 e6 5. Nc3 c6 6. Qb3 Qb6 7. c5 Qxb3 8. axb3
Nbd7 9. b4 Nh5 10. Bg5 Be7 11. Bxe7 Kxe7 12. b5 Nhf6 13. Nf3 Ne4 14. Be2 f6 15.
O-O e5 16. Ra3 Nxc3 17. bxc3 Bg4 18. h3 Bxf3 19. Bxf3 e4 20. Be2 cxb5 21. Bxb5
a6 22. Be2 Rhc8 23. Rb1 Rc7 24. c4 Ke6 25. Rc3 f5 26. cxd5+ Kxd5 27. Bc4+ Kc6
28. Be6 1-0

[Event "VII. Berecz memorial A 2019"]
[Site "?"]
[Date "2020.01.02"]
[Round "2.15"]
[White "Jojart, Zsolt"]
[Black "Megyaszai, Balazs"]
[Result "1-0"]
[WhiteElo "1672"]
[BlackElo "1904"]
[PlyCount "67"]
[EventDate "2020.01.02"]

1. e4 c5 2. Nc3 Nc6 3. Bb5 d6 4. f4 Bd7 5. Bxc6 Bxc6 6. Nf3 e6 7. O-O Be7 8. d3
Nf6 9. Qe1 O-O 10. Qg3 Kh8 11. Qh3 b5 12. Ng5 h6 13. Nf3 b4 14. Ne2 Bb5 15. Ng3
Nh7 16. f5 Bd7 17. Nh5 exf5 18. exf5 Bf6 19. Bf4 Bc8 20. Qg3 Bxf5 21. Bxd6 Rg8
22. Ne5 Be6 23. Rae1 Bh4 24. Rxf7 g5 25. Ng6+ Rxg6 26. Qe5+ Nf6 27. Rxf6 Rxf6
28. Nxf6 Kg7 29. Rf1 Qc8 30. Nd7+ Kh7 31. Qxe6 Qd8 32. Rf7+ Kg8 33. Qg6+ Kh8
34. Qg7# 1-0

[Event "VII. Berecz memorial A 2019"]
[Site "?"]
[Date "2020.01.02"]
[Round "2.16"]
[White "Pluhar, Andras"]
[Black "Horvath, Zsolt"]
[Result "0-1"]
[WhiteElo "1878"]
[BlackElo "2398"]
[PlyCount "98"]
[EventDate "2020.01.02"]

1. e4 c6 2. d4 d5 3. e5 Bf5 4. Be3 e6 5. Nf3 Qb6 6. Qc1 c5 7. c4 Bxb1 8. Rxb1
cxd4 9. Bxd4 Bb4+ 10. Bc3 Ne7 11. Bd3 dxc4 12. Bxc4 O-O 13. O-O Nbc6 14. a3
Bxc3 15. Qxc3 Rac8 16. Ba2 Ng6 17. Qe1 Qb5 18. Qe4 Ncxe5 19. Nd4 Qb6 20. Rfd1
Rfd8 21. b4 Rd6 22. Ne2 Rcd8 23. Nc3 Rd2 24. Rxd2 Rxd2 25. Rf1 Qc6 26. Qxc6
Nxc6 27. Bb1 f5 28. g3 Nge5 29. Kg2 Kf7 30. b5 Nd4 31. Rd1 Rxd1 32. Nxd1 Nxb5
33. a4 Nd4 34. f4 Nec6 35. Nc3 a6 36. Kf2 b5 37. axb5 axb5 38. Ke3 Ke7 39. Bd3
b4 40. Nb5 Nxb5 41. Bxb5 Kd6 42. Kd3 e5 43. Bxc6 Kxc6 44. fxe5 Kd5 45. e6 Kxe6
46. Kc4 Ke5 47. Kxb4 Ke4 48. Kc3 g5 49. Kd2 Kf3 0-1

[Event "VII. Berecz memorial A 2019"]
[Site "?"]
[Date "2020.01.02"]
[Round "2.17"]
[White "Fekete, Albert"]
[Black "Balog, Imre"]
[Result "1-0"]
[WhiteElo "2169"]
[BlackElo "1854"]
[PlyCount "63"]
[EventDate "2020.01.02"]

1. e4 c6 2. d4 d5 3. e5 Bf5 4. h4 h5 5. c4 e6 6. Nc3 Nd7 7. Be2 Bg6 8. Nh3 Bf5
9. Ng5 g6 10. Be3 Bb4 11. a3 Bxc3+ 12. bxc3 dxc4 13. Bxc4 Nb6 14. Be2 Nd5 15.
Bd2 Nh6 16. c4 Nb6 17. Bb4 a5 18. Bc5 Nd7 19. Bd6 a4 20. O-O f6 21. exf6 Nxf6
22. Bb4 Ne4 23. Nxe4 Bxe4 24. Bf3 Qxh4 25. Bxe4 Ng4 26. Bd6 e5 27. Bxg6+ Kd7
28. Bxe5 Raf8 29. Qb1 Nxe5 30. Qxb7+ Ke6 31. dxe5 Rd8 32. Qf7+ 1-0

[Event "VII. Berecz memorial A 2019"]
[Site "?"]
[Date "2020.01.02"]
[Round "2.18"]
[White "Papp, Balazs"]
[Black "Nagy, Gabor"]
[Result "1-0"]
[WhiteElo "2102"]
[BlackElo "1854"]
[PlyCount "61"]
[EventDate "2020.01.02"]

1. d4 Nf6 2. c4 g6 3. Nc3 Bg7 4. e4 d6 5. Be2 O-O 6. Nf3 e5 7. O-O Nc6 8. d5
Ne7 9. Ne1 Ne8 10. Be3 f5 11. f3 f4 12. Bf2 g5 13. c5 Bd7 14. Qb3 b6 15. Nd3
Kh8 16. cxb6 axb6 17. Rfc1 h5 18. Nb5 Bxb5 19. Qxb5 Bf6 20. Nb4 Rf7 21. Nc6
Nxc6 22. Qxc6 Ra7 23. a4 Qa8 24. Bb5 Rf8 25. b4 Rb7 26. a5 bxa5 27. bxa5 Qc8
28. a6 Rb8 29. a7 Ra8 30. Ba6 Qd8 31. Bb7 1-0

[Event "VII. Berecz memorial A 2019"]
[Site "?"]
[Date "2020.01.02"]
[Round "2.20"]
[White "Bernath, Robert"]
[Black "Panda, Gyorgy"]
[Result "1-0"]
[WhiteElo "2035"]
[BlackElo "1790"]
[PlyCount "91"]
[EventDate "2020.01.02"]

1. e4 c5 2. Nf3 e6 3. d4 cxd4 4. Nxd4 a6 5. c4 Nf6 6. Nc3 Qc7 7. a3 b6 8. Be2
Bb7 9. f3 Be7 10. O-O d6 11. Be3 Nbd7 12. b4 Ne5 13. Rc1 Rc8 14. Qd2 h5 15. Na4
h4 16. Nxb6 Qxb6 17. Nxe6 Qc6 18. Nxg7+ Kf8 19. Nf5 Qd7 20. Rfd1 Rd8 21. c5 d5
22. Bh6+ Kg8 23. c6 Bxc6 24. Rxc6 Nxe4 25. Nxe7+ Qxe7 26. Qd4 f6 27. Rxa6 Rxh6
28. fxe4 Rg6 29. Ra7 Qe6 30. exd5 Qh3 31. Qf2 Rf8 32. Kh1 Ng4 33. Bxg4 Qxg4 34.
Qf3 Qg5 35. d6 f5 36. d7 Rd8 37. Ra8 Kg7 38. Rxd8 Qxd8 39. Qxf5 Rf6 40. Qd3 h3
41. Qxh3 Kf7 42. Qh7+ Ke6 43. Qe4+ Kf7 44. Qe8+ Qxe8 45. dxe8=Q+ Kxe8 46. Kg1
1-0

[Event "VII. Berecz memorial A 2019"]
[Site "?"]
[Date "2020.01.02"]
[Round "2.21"]
[White "Palotai, Bendeguz"]
[Black "Szabo, Levente Jr."]
[Result "1-0"]
[WhiteElo "2024"]
[BlackElo "1784"]
[PlyCount "59"]
[EventDate "2020.01.02"]

1. d4 d5 2. Nf3 Nf6 3. Bf4 c5 4. e3 a6 5. Nbd2 e6 6. c3 Nc6 7. Bd3 Be7 8. Ne5
Bd6 9. Bg3 Qe7 10. f4 Qc7 11. Bh4 Be7 12. O-O Qb6 13. Qc2 Ng4 14. Bxe7 Nxe3 15.
Bxc5 Qc7 16. Qb3 Nxf1 17. Rxf1 Ne7 18. Qd1 b6 19. Ba3 g6 20. Qe1 Qd8 21. Qh4
Nc6 22. Qh6 Nxe5 23. fxe5 Kd7 24. Rxf7+ Kc6 25. Bd6 Bd7 26. c4 Qe8 27. Rf1 Rc8
28. cxd5+ exd5 29. Bxa6 Bf5 30. Rc1+ 1-0

[Event "VII. Berecz memorial A 2019"]
[Site "?"]
[Date "2020.01.02"]
[Round "2.22"]
[White "Tornyai, Jeno"]
[Black "Kocsmar, Akos"]
[Result "0-1"]
[WhiteElo "1781"]
[BlackElo "1941"]
[PlyCount "86"]
[EventDate "2020.01.02"]

1. h4 d5 2. d4 e6 3. Nf3 Nf6 4. Bf4 Bd6 5. Ne5 c5 6. e3 a6 7. c3 Nc6 8. Nd2
Bxe5 9. dxe5 Nd7 10. Qg4 Kf8 11. Nf3 b5 12. h5 Qc7 13. h6 g6 14. Be2 Bb7 15.
Bg3 Ne7 16. Bd3 c4 17. Bc2 Nc6 18. Qf4 f6 19. Ng5 Qxe5 20. O-O-O Ke7 21. Nf3
Qxf4 22. exf4 Nc5 23. Rhe1 Kf7 24. Bh2 a5 25. g4 b4 26. f5 Nd8 27. Bd6 Rc8 28.
cxb4 axb4 29. Nd4 e5 30. f4 b3 31. Bb1 bxa2 32. Bxa2 Nd3+ 33. Kb1 Nxe1 34. Rxe1
e4 35. g5 Nc6 36. Nb5 Ba6 37. Nc3 Rhd8 38. Bc5 gxf5 39. Rd1 d4 40. Bb6 dxc3 41.
Bxd8 Rxd8 42. Rc1 Nb4 43. Rxc3 Rd1+ 0-1

[Event "VII. Berecz memorial A 2019"]
[Site "?"]
[Date "2020.01.02"]
[Round "2.23"]
[White "Retkes, Sandor"]
[Black "Nagy, Lajos"]
[Result "0-1"]
[WhiteElo "1925"]
[BlackElo "1765"]
[PlyCount "64"]
[EventDate "2020.01.02"]

1. d4 Nf6 2. Nf3 c5 3. c3 e6 4. Bf4 d5 5. e3 Bd6 6. Ne5 Nc6 7. Bb5 Qc7 8. Nd2
O-O 9. Ndf3 Nh5 10. Bxc6 Nxf4 11. exf4 bxc6 12. g3 cxd4 13. Qxd4 c5 14. Qe3 Rb8
15. b3 f6 16. Nd3 c4 17. Nc1 e5 18. Qd2 Bb7 19. Qd1 Qc6 20. Nh4 exf4 21. O-O d4
22. f3 fxg3 23. hxg3 dxc3 24. Kg2 Rbd8 25. Qe1 Be5 26. Ne2 c2 27. Nf5 Qd7 28.
g4 Bxa1 29. Qxa1 Qd2 30. Rf2 Rd3 31. Nc1 Qd1 32. Qb2 Rxf3 0-1

[Event "VII. Berecz memorial A 2019"]
[Site "?"]
[Date "2020.01.02"]
[Round "2.24"]
[White "Farkas, Sandor"]
[Black "Panda, Barnabas"]
[Result "1-0"]
[WhiteElo "1898"]
[BlackElo "1728"]
[PlyCount "63"]
[EventDate "2020.01.02"]

1. d4 Nf6 2. Nf3 d5 3. e3 Bf5 4. Bd3 Bg4 5. Nbd2 e6 6. c3 c5 7. Qa4+ Nc6 8. Bb5
Qb6 9. Ne5 Bf5 10. Bxc6+ bxc6 11. Nxc6 Nd7 12. Ne5 Qc7 13. O-O Bd6 14. Ndf3 f6
15. Qxd7+ Qxd7 16. Nxd7 Kxd7 17. dxc5 Bxc5 18. Nd4 Bg6 19. Rd1 Ke7 20. b3 Rac8
21. Bb2 Rhd8 22. Rac1 e5 23. Nb5 a6 24. Na3 Bb6 25. Rd2 Kf7 26. h3 d4 27. exd4
exd4 28. Nc4 Ba7 29. cxd4 Bf5 30. d5 Rd7 31. g4 Bg6 32. Nd6+ 1-0

[Event "VII. Berecz memorial A 2019"]
[Site "?"]
[Date "2020.01.02"]
[Round "2.25"]
[White "Arato, Daniel"]
[Black "Fekete, Agnes"]
[Result "1/2-1/2"]
[WhiteElo "1706"]
[BlackElo "1891"]
[PlyCount "135"]
[EventDate "2020.01.02"]

1. d4 Nf6 2. Nf3 g6 3. g3 Bg7 4. Bg2 O-O 5. c4 d6 6. O-O Nbd7 7. Nc3 e5 8. d5
a5 9. Bg5 h6 10. Bd2 Nc5 11. Ne1 Ne8 12. e4 f5 13. f3 f4 14. Na4 Nxa4 15. Qxa4
fxg3 16. hxg3 Nf6 17. b4 Bd7 18. Qc2 axb4 19. Bxb4 Nh5 20. Kh2 g5 21. g4 Nf4
22. Nd3 Qe8 23. Nxf4 gxf4 24. Rg1 Rf6 25. c5 h5 26. g5 Rg6 27. Bh3 Bxh3 28.
Kxh3 Qe7 29. cxd6 cxd6 30. Rg2 Kh7 31. Rag1 Rg8 32. Qf2 Rh8 33. Kh2 Kg8 34. Qh4
Kf7 35. Qh3 Kg8 36. Qf5 Kh7 37. Qh3 Qc7 38. Kh1 Qe7 39. Rh2 Kg8 40. Qf5 Qf7 41.
Rh4 Bf8 42. Qh3 Qh7 43. Bc3 Be7 44. Qc8+ Bf8 45. Qf5 Qf7 46. Qxf7+ Kxf7 47.
Rxf4+ exf4 48. Bxh8 Be7 49. Bf6 Bxf6 50. gxf6 Rxf6 51. Rb1 Rg6 52. Rxb7+ Kf6
53. Rh7 Kg5 54. Rf7 Kh4 55. Rxf4+ Kg3 56. Rf5 Kf2 57. f4 Rg4 58. Rxh5 Kf3 59.
Rh6 Rxf4 60. Rxd6 Rxe4 61. Rf6+ Kg3 62. Re6 Rd4 63. Rg6+ Kf2 64. Rg2+ Kf1 65.
Kh2 Rxd5 66. Rg1+ Kf2 67. Rg2+ Ke3 68. a4 1/2-1/2